Datum a čas kvízu
34
Celkem bodů
Celkový počet nahraných bodů na tomto kvízu bez doplňovacích otázek.
3.
Pořadí na kvízu
Konečné umístění týmu na tomto kvízu.
Zaznamenané odpovědi
| # | Otázka | Odpověď | Body | Výsledky |
|---|---|---|---|---|
| 1. | Minulý týden tisk informoval o... | velomobil | 0 | |
| 2. | Ve které evropské zemi se obje... | v Německu | 0 | |
| 3. | Představitel kapitána Kirka ze... | D) heavy metal | 0 | |
| 4. | V pátek byla oznámena fúze dvo... | Paramount (Skydance), Warner Bros. (Discovery) | 0.5 | |
| 5. | Ze kterých měst pocházejí týmy... | Mladá Boleslav, Praha | 0.5 | |
| 6. | Název „Pyrenejský poloostrov“... | Iberský poloostrov | 1 | |
| 7. | Vyberte správné tvrzení týkají... | B | 0 | |
| 8. | Níže vidíte na mapě jisté auto... | Andalusie, Sevilla | 0.5 | |
| 9. | Jak se jmenuje portugalský mys... | C | 1 | |
| 10. | Hledáme název ikonické stavby... | Belémská věž | 0 |